Die 10 nördlichsten Länder mit dem Anfangsbuchstaben S - Statistiken

Allgemein
  • Dieses Quiz wurde 125 mal gespielt
  • Das Durchschnittsergebnis liegt bei 8 aus 10
Antwortstatistiken
Hint Antwort % Korrekt
69.1 °N Schweden
99%
43.8 °N Spanien
88%
49.6 °N Slowakei
87%
46.9 °N Slowenien
87%
47.8 °N Schweiz
84%
46.2 °N Serbien
79%
44.0 °N San Marino
74%
37.3 °N Syrien
72%
38.6 °N Südkorea
63%
32.2 °N Saudi-Arabien
56%
Keine übereinstimmenden Quizze gefunden
Verteilung der Resultate
Anzahl Personen mit jedem Resultat
Perzentil nach korrekt beantworteten Fragen
Ihre Resultats-Entwicklung
Sie haben dieses Quiz noch nicht gespielt